000 01116nam a2200301Ia 4500
001 ebr10344190
003 CaPaEBR
006 m u
007 cr cn|||||||||
008 750720s2009 inua s 001 0 eng d
020 _z9780470447611
020 _z9780470583425
040 _aCaPaEBR
_cCaPaEBR
035 _a(OCoLC)648412466
050 1 4 _aQA76.76.M52
_bA75 2009eb
100 1 _aArking, Jon,
_d1973-
245 1 0 _aProfessional Enterprise .NET
_h[electronic resource] /
_cJon Arking and Scott Millett.
260 _aIndianapolis, IN :
_bWiley,
_c2009.
300 _axxvii, 474 p. :
_bill.
500 _aIncludes index.
533 _aElectronic reproduction.
_bPalo Alto, Calif. :
_cebrary,
_d2011.
_nAvailable via World Wide Web.
_nAccess may be limited to ebrary affiliated libraries.
650 0 _aMicrosoft .NET.
650 0 _aC# (Computer program language)
655 7 _aElectronic books.
_2local
700 1 _aMillett, Scott.
710 2 _aebrary, Inc.
856 4 0 _uhttp://site.ebrary.com/lib/rucke/Doc?id=10344190
_zAn electronic book accessible through the World Wide Web; click to view
999 _c48698
_d48698